| 000 | 00504nam a2200181 a 4500 | ||
|---|---|---|---|
| 005 | 20240924071120.0 | ||
| 008 | 991125s1967 es 000 0 spa u | ||
| 035 | _aUPN01000054943 | ||
| 049 | _aCG | ||
| 050 | 4 |
_aPQ6422 A2 _bQ8.7 |
|
| 100 | 1 |
_aQuevedo y Villegas, Francisco de, _d1580-1645 |
|
| 245 | 1 | 4 |
_aLos sueños / _cQuevedo. |
| 260 |
_aBarcelona [Esp.] : _bR. Sopena, _c1967. |
||
| 300 | _a172 p. | ||
| 440 | 0 |
_aBiblioteca Sopena ; _v47-2 |
|
| 650 | 4 |
_aLiteratura española _95069 |
|
| 905 | _aLibro | ||
| 999 |
_c54943 _d54943 |
||